000 01202nam a22003377a 4500
003 CHAP
005 20220329133604.0
008 971013s1989 mx a r 00010 spa d
010 _a8254
011 _a9226
035 _a8460
040 _cCHAP
082 _a581.634
_bG36
100 0 0 _aGarcía Regalado, Gerardo.
_946502
245 1 _aPlantas medicinales de Aguascalientes
260 _aAguascalientes, Ags. :
_bUniversidad Autónoma de Aguascalientes,
_c1989
300 _a107 p. :
_bilus.
590 _aBATCH-UPD
_b10
_c20130110
_lUCH01
_h0053
590 _aBATCH-UPD
_b10
_c20130110
_lUCH01
_h1134
590 _aBATCH-UPD
_b10
_c20130409
_lUCH01
_h2042
590 _aBATCH-UPD
_b10
_c20130410
_lUCH01
_h0722
590 _aBATCH-UPD
_b10
_c20130914
_lUCH01
_h0727
590 _aCONVERSION
_b10
_c20130109
_lUCH01
_h1306
650 1 4 _aBotánica médica.
_914680
650 1 4 _aBotánica
_xAguascalientes.
_914481
901 _aBK
942 _cLIBRO
949 _a581.634 G36
_bBC
_cLIBRO
_d33724000362687
_eLIBRO
_h83230
_i8460
_mD
_si
949 _a581.634 G36
_bBC
_cLIBRO
_d33724000362695
_eLIBRO
_fc.2
_h83231
_i8460
_mD
_si
949 _a581.634 G36
_bBC
_cLIBRO
_d33724002230941
_eLIBRO
_fc.3
_gDonaciØn
_h114190
_i8460
_sb
999 _c8254
_d8254